[Event "POL-chT3 Liga Slaska"]
[Site "Poland"]
[Date "2007.05.12"]
[Round "7"]
[White "Lukaszek, Stanislaw"]
[Black "Kliber, Aleksander"]
[Result "1-0"]
[WhiteElo "2088"]
[BlackElo "2078"]
[PlyCount "113"]
[EventDate "2007.01.28"]
[EventType "team-swiss"]
[EventRounds "9"]
[EventCountry "POL"]
[SourceTitle "EXT 2011"]
[Source "ChessBase"]
[SourceDate "2010.11.26"]
[SourceVersion "1"]
[SourceVersionDate "2010.11.26"]
[SourceQuality "1"]
[WhiteTeam "Szombierki TS"]
[BlackTeam "Gory Strzybniczanka Tarnowskie"]
[WhiteTeamCountry "POL"]
[BlackTeamCountry "POL"]

1. d4 h6 2. c4 Nf6 3. Nc3 d6 4. e4 c6 5. Nf3 Bg4 6. Be2 Bxf3 7. Bxf3 e5 8. 0-0 Be7 9. Be3 0-0 10. Qd2 Nbd7 11. Rae1 Re8 12. d5 c5 13. Ne2 Kh7 14. Ng3 g6 15. h4 Bf8 16. h5 Bg7 17. a3 b6 18. hxg6+ fxg6 19. Ne2 Rf8 20. Nc3 Qe7 21. Nb5 Ne8 22. Bg4 Ndf6 23. Bf3 Nd7 24. Rc1 Qh4 25. g3 Qh3 26. Bg2 Qg4 27. Qe1 Ndf6 28. f3 Qd7 29. Kh2 a6 30. Nc3 b5 31. Bh3 Qb7 32. cxb5 axb5 33. b4 cxb4 34. axb4 Rf7 35. Qe2 Nc7 36. Ra1 Rff8 37. Rfc1 Nh5 38. Bd7 Rxa1 39. Rxa1 Nxd5 40. Nxd5 Qxd7 41. Ra7 Qc6 42. Rc7 Qa6 43. Qd2 Rxf3 44. Bxh6 Qa3 45. Bxg7 Nxg7 46. Qg5 Rf2+ 47. Kh3 Qf3 48. Qh4+ Qh5 49. Qxh5+ gxh5 50. Rb7 Re2 51. Rxb5 Kg6 52. Rb6 Rxe4 53. Rxd6+ Kf7 54. b5 Rd4 55. b6 Ne8 56. Rd8 Nf6 57. b7 1-0

[Event "POL-chT3 Liga Slaska"]
[Site "Poland"]
[Date "2007.02.11"]
[Round "3"]
[White "Kliber, Aleksander"]
[Black "Szwarc, Pawel"]
[Result "1/2-1/2"]
[WhiteElo "2078"]
[BlackElo "2118"]
[PlyCount "61"]
[EventDate "2007.01.28"]
[EventType "team-swiss"]
[EventRounds "9"]
[EventCountry "POL"]
[SourceTitle "EXT 2011"]
[Source "ChessBase"]
[SourceDate "2010.11.26"]
[SourceVersion "1"]
[SourceVersionDate "2010.11.26"]
[SourceQuality "1"]
[WhiteTeam "Gory Strzybniczanka Tarnowskie"]
[BlackTeam "Katowice UKS Palac Mlodziezy"]
[WhiteTeamCountry "POL"]
[BlackTeamCountry "POL"]

1. e4 c5 2. Nf3 d6 3. d4 cxd4 4. Nxd4 Nf6 5. Nc3 a6 6. Rg1 Nc6 7. Nb3 e6 8. g4 b5 9. g5 Nd7 10. Rg3 Be7 11. a3 Bb7 12. Qh5 g6 13. Qh6 Bf8 14. Qh3 Bg7 15. Bd2 Nb6 16. 0-0-0 Nc4 17. f4 h6 18. Qg2 hxg5 19. fxg5 Be5 20. Rh3 Rxh3 21. Qxh3 Nxd2 22. Nxd2 Qxg5 23. Kb1 Nd4 24. Bd3 Ke7 25. Nf3 Qe3 26. Rf1 Rh8 27. Qg4 Nxf3 28. Rxf3 Qe1+ 29. Ka2 Qh4 30. Qg1 Bxc3 31. Qa7 1/2-1/2